[Event "BRA Amateur-ch U1800"]
[Site "Sao Paulo"]
[Date "2022.11.05"]
[Round "5"]
[White "Nobre, Jose Adalberto Barb"]
[Black "Medola, Eduarda Migliorini"]
[Result "0-1"]
[WhiteElo "1566"]
[BlackElo "1403"]
[PlyCount "76"]
[EventDate "2022.11.03"]
[EventType "swiss"]
[EventRounds "7"]
[EventCountry "BRA"]
[SourceTitle "CBM 211 Extra"]
[Source "ChessBase"]
[SourceDate "2023.01.31"]
[SourceVersion "1"]
[SourceVersionDate "2023.01.31"]
[SourceQuality "1"]

1. e4 c6 2. Nc3 d5 3. Nf3 dxe4 4. Nxe4 Bf5 5. Ng3 Bg6 6. h4 h6 7. Ne5 Qd6 8. Nxg6 Qxg6 9. d4 Nd7 10. Bd3 Qe6+ 11. Be3 Ngf6 12. Qe2 Qg4 13. Qd2 g6 14. Be2 Qe6 15. c4 Nb6 16. b3 Bg7 17. Bf3 Ng4 18. 0-0 Rd8 19. Rad1 Nxe3 20. Qxe3 Qxe3 21. fxe3 f5 22. Ne2 e5 23. g3 0-0 24. Bg2 h5 25. Kh1 Rfe8 26. d5 cxd5 27. c5 Nd7 28. Bxd5+ Kh8 29. c6 Nf6 30. Bg2 bxc6 31. Bxc6 Rf8 32. b4 Ng4 33. Rxd8 Rxd8 34. b5 Nxe3 35. Rc1 Bh6 36. Rc3 Ng4 37. Ra3 Be3 38. Rxa7 Bxa7 0-1

[Event "Pocos de Caldas op"]
[Site "Pocos de Caldas"]
[Date "2022.03.12"]
[Round "3"]
[White "Medola, Eduarda Migliorini"]
[Black "Nunes, Karlesso Santos"]
[Result "1-0"]
[WhiteElo "1384"]
[BlackElo "1696"]
[PlyCount "97"]
[EventDate "2022.03.11"]
[EventType "swiss"]
[EventRounds "6"]
[EventCountry "BRA"]
[SourceTitle "CBM 207 Extra"]
[Source "ChessBase"]
[SourceDate "2022.05.31"]
[SourceVersion "1"]
[SourceVersionDate "2022.05.31"]
[SourceQuality "1"]

1. d4 Nf6 2. g3 g6 3. Nf3 Bg7 4. Bg2 0-0 5. 0-0 d6 6. c4 c6 7. Nc3 Nbd7 8. e4 e5 9. h3 exd4 10. Nxd4 c5 11. Ndb5 Ne8 12. Nxd6 Nxd6 13. Qxd6 b6 14. Rd1 Be5 15. Qd3 Bd4 16. Bf4 Bb7 17. Qd2 Ne5 18. Qe2 f6 19. Be3 Ba6 20. Nb5 Rf7 21. Bxd4 cxd4 22. Rxd4 Rd7 23. Rxd7 Qxd7 24. Rd1 Qc6 25. b3 Bxb5 26. cxb5 Qe6 27. Qd2 Kg7 28. Qd5 Qxd5 29. Rxd5 a6 30. f4 Nf7 31. bxa6 Rxa6 32. a4 Ra5 33. Kf2 Rxd5 34. exd5 Nd6 35. g4 Kf7 36. Ke3 h6 37. Kd4 Ke7 38. b4 Kd7 39. h4 Kc7 40. a5 Nb5+ 41. Kc4 Nd6+ 42. Kb3 bxa5 43. bxa5 Nb5 44. Kb4 Na7 45. Kc5 Kd7 46. Be4 Ke7 47. d6+ Kd7 48. Bxg6 Kd8 49. Bf5 1-0

[Event "Osasco Carvalho Memorial"]
[Site "Osasco"]
[Date "2022.02.20"]
[Round "6"]
[White "De Souza, Eliana Aparecida"]
[Black "Medola, Eduarda Migliorini"]
[Result "1-0"]
[WhiteElo "1706"]
[BlackElo "1768"]
[PlyCount "121"]
[EventDate "2022.02.18"]
[EventType "swiss"]
[EventRounds "6"]
[EventCountry "BRA"]
[SourceTitle "CBM 207 Extra"]
[Source "ChessBase"]
[SourceDate "2022.05.31"]
[SourceVersion "1"]
[SourceVersionDate "2022.05.31"]
[SourceQuality "1"]

1. e4 c6 2. d4 d5 3. exd5 cxd5 4. c4 Nf6 5. Nc3 Nc6 6. cxd5 Nxd5 7. Bc4 e6 8. Nge2 Be7 9. 0-0 0-0 10. Nxd5 exd5 11. Bb3 Bf6 12. Qd3 Nb4 13. Qb5 Qb6 14. Qxb6 axb6 15. Bf4 Re8 16. Be3 Be6 17. Rfd1 Bg4 18. Rd2 Bxe2 19. Rxe2 Bxd4 20. Rd1 Bxe3 21. Rxe3 Rac8 22. Rxe8+ Rxe8 23. Kf1 Kf8 24. a3 Nc6 25. Rxd5 Rd8 26. Rb5 Rd2 27. Bc4 Nd4 28. Ke1 Rc2 29. Rb4 Nc6 30. Ra4 Rxb2 31. Bd5 h6 32. Rc4 b5 33. Rc5 Ke7 34. Bxc6 bxc6 35. Rxc6 Kd7 36. Ra6 g5 37. Rxh6 Ra2 38. Rb6 Rxa3 39. Rxb5 f6 40. Ke2 Ke6 41. h3 f5 42. g3 Ra2+ 43. Ke3 Ra3+ 44. Ke2 Ra2+ 45. Kf1 Kf6 46. Kg2 Ra3 47. Rb6+ Kf7 48. h4 gxh4 49. gxh4 Ra4 50. h5 Rh4 51. h6 Kg8 52. Kg3 Rh1 53. Kf4 Rh2 54. f3 Rh5 55. Ke5 Kh7 56. f4 Rxh6 57. Rxh6+ Kxh6 58. Kxf5 Kg7 59. Ke6 Kf8 60. Kf6 Ke8 61. Kg7 1-0

[Event "Catanduva op"]
[Site "Catanduva"]
[Date "2020.03.15"]
[Round "5"]
[White "Carlos, Roberta Souto"]
[Black "Medola, Eduarda Migliorini"]
[Result "1-0"]
[WhiteElo "1706"]
[BlackElo "1800"]
[PlyCount "103"]
[EventDate "2020.03.13"]
[EventType "swiss"]
[EventRounds "6"]
[EventCountry "BRA"]
[SourceTitle "CBM 195 Extra"]
[Source "ChessBase"]
[SourceDate "2020.05.31"]
[SourceVersion "1"]
[SourceVersionDate "2020.05.31"]
[SourceQuality "1"]

1. d4 d5 2. c4 e6 3. Nc3 Bb4 4. e3 Nf6 5. Bd2 0-0 6. Nf3 Nc6 7. Bd3 Re8 8. a3 Bxc3 9. Bxc3 a6 10. Qc2 h6 11. h3 dxc4 12. Bxc4 b5 13. Ba2 Bb7 14. 0-0-0 Ne7 15. Rhg1 Rc8 16. Nd2 c5 17. dxc5 Rxc5 18. Nb3 Rd5 19. Nd4 Rd7 20. Nxe6 Rxd1+ 21. Rxd1 Qc8 22. Nf4 Be4 23. Qb3 Rf8 24. f3 Bc6 25. Bxf6 Bd5+ 26. Qc3 Qxc3+ 27. bxc3 Bxa2 28. Bxe7 Re8 29. Bc5 Bb3 30. Rd6 a5 31. Bb6 b4 32. axb4 a4 33. Kb2 Ra8 34. Rd8+ Rxd8 35. Bxd8 Kf8 36. b5 Ke8 37. Bc7 Kd7 38. b6 Kc6 39. Nd3 f6 40. e4 g5 41. g3 h5 42. f4 Bc4 43. Nb4+ Kb7 44. Nd5 Bxd5 45. exd5 g4 46. hxg4 hxg4 47. c4 f5 48. c5 Ka8 49. Bd8 a3+ 50. Kxa3 Kb8 51. d6 Kc8 52. Bf6 1-0

[Event "Catanduva op"]
[Site "Catanduva"]
[Date "2020.03.15"]
[Round "6"]
[White "Medola, Eduarda Migliorini"]
[Black "Arduini, Leonardo Adolfo"]
[Result "0-1"]
[WhiteElo "1800"]
[BlackElo "1603"]
[PlyCount "72"]
[EventDate "2020.03.13"]
[EventType "swiss"]
[EventRounds "6"]
[EventCountry "BRA"]
[SourceTitle "CBM 195 Extra"]
[Source "ChessBase"]
[SourceDate "2020.05.31"]
[SourceVersion "1"]
[SourceVersionDate "2020.05.31"]
[SourceQuality "1"]

1. d4 Nf6 2. c4 d5 3. Nc3 e6 4. Bg5 Be7 5. e3 c5 6. Nf3 h6 7. Bh4 Nc6 8. Be2 0-0 9. 0-0 Re8 10. cxd5 exd5 11. Bb5 a6 12. Bxc6 bxc6 13. Bxf6 Bxf6 14. dxc5 Qa5 15. Qc2 Qxc5 16. Rfc1 Bd7 17. Na4 Qb5 18. b3 Rac8 19. Qc5 Qb8 20. Nb6 Be7 21. Qd4 c5 22. Nxd7 Qd6 23. Qg4 h5 24. Qh3 Rc7 25. Nfe5 g6 26. Nd3 c4 27. bxc4 dxc4 28. Nb2 c3 29. Rd1 cxb2 30. Rab1 Qxd1+ 31. Rxd1 Rc1 32. g3 Rxd1+ 33. Kg2 b1Q 34. g4 Qd3 35. Kg3 Bd6+ 36. Kh4 Re4 0-1